[Event "45 MFSz im. A.Rubinsteina - B"]
[Site "Polanica Zdroj"]
[Date "2009.08.18"]
[Round "1.41"]
[White "Kacprzak, Robert"]
[Black "Wrzalek, Piotr"]
[Result "1-0"]
[WhiteElo "1906"]
[BlackElo "1600"]
[PlyCount "117"]
[EventDate "2009.??.??"]

1. d4 Nf6 2. Nf3 e6 3. c4 b6 4. Bg5 h6 5. Bh4 Bb7 6. Nc3 Bb4 7. e3 O-O 8. Bd3
d5 9. O-O Bxc3 10. bxc3 Nbd7 11. Ne5 Qc8 12. Nxd7 Nxd7 13. cxd5 Bxd5 14. e4 Bb7
15. c4 f5 16. f3 f4 17. Rc1 g5 18. Be1 c5 19. d5 e5 20. Bc3 Qc7 21. Kf2 Qd6 22.
Ke2 Nf6 23. Qe1 Rf7 24. Kd2 Kf8 25. Kc2 Ke7 26. Bb2 Rg8 27. Qc3 Nd7 28. Be2 h5
29. h3 h4 30. Bd1 Kf6 31. Kd2 Rb8 32. Be2 Bc8 33. Rb1 Nf8 34. Ba1 Rfb7 35. Rb2
Nd7 36. Rfb1 Nf8 37. Bd1 Bd7 38. Bc2 Ng6 39. Bb3 Nh8 40. Qc2 Ng6 41. Ba4 Nh8
42. Bxd7 Qxd7 43. Qc3 Qd6 44. a4 a5 45. Rb5 Nf7 46. Qb3 Nd8 47. Bc3 Ke7 48. Qb2
Kf6 49. Ke2 Qc7 50. Rd1 Qd6 51. Rb3 Ra8 52. Rb1 Rab8 53. Be1 Ke7 54. Qa1 Ra8
55. Rb5 Rab8 56. Bc3 Kf6 57. R5b3 Ra8 58. Rxb6 Rxb6 59. Bxe5+ 1-0

[Event "45 MFSz im. A.Rubinsteina - B"]
[Site "Polanica Zdroj"]
[Date "2009.08.18"]
[Round "1.43"]
[White "Koscielny, Edmond"]
[Black "Ostalska, Natalia"]
[Result "1-0"]
[WhiteElo "1900"]
[BlackElo "1530"]
[PlyCount "33"]
[EventDate "2009.??.??"]

1. f4 e5 2. fxe5 d6 3. exd6 Bxd6 4. Nf3 Nf6 5. d4 Ng4 6. Qd3 O-O 7. g3 Nc6 8.
c3 g6 9. e4 Re8 10. Bg2 Bf5 11. Nbd2 Qe7 12. O-O Bxe4 13. Nxe4 Qxe4 14. Qxe4
Rxe4 15. Ne5 Re2 16. Nxg4 f5 17. Bd5+ 1-0

[Event "45 MFSz im. A.Rubinsteina - B"]
[Site "Polanica Zdroj"]
[Date "2009.08.18"]
[Round "1.44"]
[White "Kwasniewski, Pawel"]
[Black "Blaszkiewicz, Mateusz"]
[Result "0-1"]
[WhiteElo "1470"]
[BlackElo "1898"]
[PlyCount "82"]
[EventDate "2009.??.??"]

1. d4 Nf6 2. c4 c5 3. e3 cxd4 4. exd4 d5 5. Nf3 Bf5 6. Nc3 e6 7. Bf4 Nc6 8. a3
Bd6 9. Bg5 O-O 10. c5 Be7 11. Bd3 Ne4 12. Bxe7 Qxe7 13. Qc2 Nxc3 14. Qxc3 Bxd3
15. Qxd3 e5 16. dxe5 Nxe5 17. Nxe5 Qxe5+ 18. Qe2 Qd4 19. O-O Qxc5 20. Rac1 Qb6
21. Rfd1 Rad8 22. Rd2 Rfe8 23. Qd3 d4 24. h3 h6 25. Rc4 Re1+ 26. Kh2 Qd6+ 27.
Qg3 Qf6 28. Rd3 Re2 29. Rf3 Qg5 30. Qc7 Qe5+ 31. Qxe5 Rxe5 32. Rd3 Red5 33. Rc7
R5d7 34. Rxd7 Rxd7 35. Kg3 f5 36. Kf4 Rd5 37. g4 g6 38. Kf3 Kf7 39. Kf4 Kf6 40.
f3 fxg4 41. hxg4 h5 0-1

[Event "45 MFSz im. A.Rubinsteina - B"]
[Site "Polanica Zdroj"]
[Date "2009.08.18"]
[Round "1.45"]
[White "Wozniak, Dawid"]
[Black "Wisniewski, Michal"]
[Result "1-0"]
[WhiteElo "1894"]
[BlackElo "1456"]
[PlyCount "47"]
[EventDate "2009.??.??"]

1. d4 d5 2. c4 e6 3. Nc3 c5 4. cxd5 exd5 5. Bf4 Nc6 6. Nf3 Nf6 7. e3 Be7 8. Be2
O-O 9. O-O a6 10. dxc5 Bxc5 11. Bg5 Be6 12. Rc1 h6 13. Nxd5 hxg5 14. Nxf6+ Qxf6
15. Rxc5 Qxb2 16. Nxg5 Bxa2 17. Rc2 Qe5 18. Nf3 Qd5 19. Rd2 Qb3 20. Qa1 Nb4 21.
Rb2 Qa3 22. Bc4 Qa4 23. Bxa2 Rac8 24. Bxf7+ 1-0

[Event "45 MFSz im. A.Rubinsteina - B"]
[Site "Polanica Zdroj"]
[Date "2009.08.19"]
[Round "2.1"]
[White "Witek, Tomasz"]
[Black "Wielosz, Jaroslaw"]
[Result "0-1"]
[WhiteElo "2138"]
[BlackElo "1963"]
[PlyCount "102"]
[EventDate "2009.??.??"]

1. d4 Nf6 2. c4 e6 3. Nc3 Bb4 4. Qc2 c5 5. a3 Qa5 6. e3 Nc6 7. Nge2 Bxc3+ 8.
Qxc3 Qxc3+ 9. bxc3 b6 10. f3 d6 11. g4 Ba6 12. Ng3 h6 13. h4 Na5 14. Ra2 O-O-O
15. g5 hxg5 16. hxg5 Rxh1 17. Nxh1 Ne8 18. Rh2 Bxc4 19. Bxc4 Nxc4 20. Ng3 d5
21. Rh7 Rd7 22. Rh8 Kd8 23. Nh5 Ke7 24. Rh7 g6 25. Nf4 Kd6 26. e4 dxe4 27. fxe4
Nc7 28. Ne2 e5 29. d5 f5 30. Rh6 fxe4 31. Rxg6+ Kxd5 32. Ng3 Ne6 33. Nh5 Re7
34. Nf6+ Kc6 35. Nxe4 Kb5 36. Rh6 Ka4 37. Nf6 Nf4 38. g6 Ne6 39. Rh7 Rg7 40.
Rxg7 Nxg7 41. Ng4 e4 42. Bh6 Ne6 43. g7 Nxg7 44. Bxg7 Kxa3 45. Ke2 Kb3 46. Nf2
e3 47. Nd1 a5 48. Nxe3 Nxe3 49. Kxe3 c4 50. Kd4 b5 51. Kc5 a4 0-1

[Event "45 MFSz im. A.Rubinsteina - B"]
[Site "Polanica Zdroj"]
[Date "2009.08.19"]
[Round "2.2"]
[White "Skrzypczak, Anna"]
[Black "Kowalczyk, Pawel"]
[Result "0-1"]
[WhiteElo "1959"]
[BlackElo "2103"]
[PlyCount "100"]
[EventDate "2009.??.??"]

1. e4 c5 2. Nf3 d6 3. d4 cxd4 4. Nxd4 a6 5. Nc3 e6 6. Be2 Qc7 7. a4 b6 8. O-O
Bb7 9. f4 Nd7 10. Bd3 Be7 11. Qe2 Ngf6 12. Kh1 h5 13. Be3 h4 14. Nf3 Nc5 15.
Bd4 Nh5 16. Qe3 Nd7 17. Be2 e5 18. fxe5 dxe5 19. Nd5 Bxd5 20. exd5 exd4 21.
Nxd4 Qe5 22. Qxe5 Nxe5 23. Rf5 Ng3+ 24. hxg3 hxg3+ 25. Kg1 f6 26. Rh5 Rxh5 27.
Bxh5+ g6 28. Be2 Bc5 29. Rd1 Ke7 30. c3 a5 31. Bb5 Kd6 32. Kf1 Rh8 33. Rd2 Rh1+
34. Ke2 Rg1 35. Ke3 f5 36. Kf4 Bxd4 37. cxd4 Ng4 38. Be8 Nf2 39. Bxg6 Rxg2 40.
Kf3 Rh2 41. Kxg3 Ne4+ 42. Kxh2 Nxd2 43. Bf7 Nc4 44. b3 Nd2 45. Kg3 Nxb3 46. Kf3
Nxd4+ 47. Kf4 Ne2+ 48. Kxf5 Nc3 49. Be6 Nxa4 50. Ke4 Nc5+ 0-1

[Event "45 MFSz im. A.Rubinsteina - B"]
[Site "Polanica Zdroj"]
[Date "2009.08.19"]
[Round "2.3"]
[White "Tomsia, Kamil"]
[Black "Nowicki, Bartosz"]
[Result "1/2-1/2"]
[WhiteElo "2103"]
[BlackElo "1944"]
[PlyCount "43"]
[EventDate "2009.??.??"]

1. d4 f5 2. c4 Nf6 3. Nc3 e6 4. Bf4 Bb4 5. Qb3 Bxc3+ 6. Qxc3 O-O 7. e3 b6 8.
Bd3 Bb7 9. f3 Nh5 10. Ne2 Nxf4 11. Nxf4 Qh4+ 12. g3 Qf6 13. Rf1 Nc6 14. O-O-O
Ne7 15. g4 Kh8 16. Kb1 Rad8 17. e4 Qh6 18. Nh5 fxe4 19. fxe4 d6 20. h4 Qe3 21.
d5 e5 22. Rg1 1/2-1/2

[Event "45 MFSz im. A.Rubinsteina - B"]
[Site "Polanica Zdroj"]
[Date "2009.08.19"]
[Round "2.4"]
[White "Gorecki, Janusz"]
[Black "Szadkowski, Krzysztof"]
[Result "0-1"]
[WhiteElo "1928"]
[BlackElo "2100"]
[PlyCount "120"]
[EventDate "2009.??.??"]

1. e4 Nf6 2. e5 Nd5 3. d4 d6 4. f4 dxe5 5. dxe5 Nc6 6. Bb5 Bf5 7. Nf3 Ndb4 8.
Ba4 Qxd1+ 9. Kxd1 O-O-O+ 10. Bd2 Bg4 11. a3 Nd4 12. axb4 Nxf3 13. Kc1 Nd4 14.
Nc3 e6 15. h3 Bh5 16. b5 Bb4 17. g4 Bg6 18. Be3 h5 19. g5 h4 20. Rh2 Nf5 21.
Bf2 Ng3 22. Bb3 Ne4 $2 23. Nxe4 Bxe4 24. c3 Be7 25. Bd4 Bd3 26. Rd2 Bxb5 27.
Rxa7 b6 28. Ra8+ Kb7 29. Rxd8 Rxd8 30. Bf2 Ra8 31. g6 fxg6 32. Bxe6 Rf8 33. Bd7
Bf1 34. Be3 g5 35. fxg5 $2 Rf3 $1 36. Rf2 Rxe3 37. Rxf1 Bxg5 38. Kc2 Rxe5 39.
Bg4 Bf6 40. Rf5 Re1 41. Rd5 Rf1 42. Rd7 b5 43. Rd1 Rf4 44. Rd5 Ka6 45. Rd3 c6
46. Rf3 Re4 47. Rd3 c5 48. Rd6+ Ka5 49. Re6 Rf4 50. Re2 c4 51. Re8 Rf1 52. Ra8+
Kb6 53. Rb8+ Kc6 54. Rc8+ Kb7 55. Rc5 Rf2+ 56. Kc1 Kb6 57. Rc8 Rf1+ 58. Kc2 Bg5
$3 59. Rb8+ $4 Ka7 60. Rc8 Rc1# 0-1

[Event "45 MFSz im. A.Rubinsteina - B"]
[Site "Polanica Zdroj"]
[Date "2009.08.19"]
[Round "2.5"]
[White "Klepaczka, Tomasz"]
[Black "Jagiela, Piotr"]
[Result "0-1"]
[WhiteElo "2085"]
[BlackElo "1939"]
[PlyCount "80"]
[EventDate "2009.??.??"]

1. e4 c5 2. Nc3 Nc6 3. Bb5 Nd4 4. Bc4 a6 5. d3 b5 6. Bb3 e6 7. Nge2 Nxb3 8.
axb3 d5 9. Nxb5 Bb7 10. Nbc3 dxe4 11. Nxe4 f5 12. Ng5 Qf6 13. O-O h6 14. Nh3 g5
15. f3 Ne7 16. d4 Rd8 17. c3 Nc6 18. Be3 cxd4 19. cxd4 Bg7 20. Ra4 O-O 21. Qc2
Qe7 22. Qd2 Bf6 23. Kh1 Rd7 24. Rd1 Rfd8 25. Nhg1 Qg7 26. Qc3 e5 27. Qc4+ Qf7
28. Qc3 Qe6 29. Bf2 Ne7 30. Rc1 e4 31. fxe4 fxe4 32. Qh3 Qxh3 33. Nxh3 Nf5 34.
Rb4 e3 35. Be1 Nxd4 36. Nc3 Kg7 37. Ng1 h5 38. Na4 Ne6 39. Rb6 Nf4 40. Rc2 Be4
0-1

[Event "45 MFSz im. A.Rubinsteina - B"]
[Site "Polanica Zdroj"]
[Date "2009.08.19"]
[Round "2.6"]
[White "Zadlo, Tomasz"]
[Black "?"]
[Result "1-0"]
[WhiteElo "2076"]
[BlackElo "1908"]
[PlyCount "111"]
[EventDate "2009.??.??"]

1. e4 c5 2. c3 d5 3. exd5 Qxd5 4. d4 Nf6 5. Nf3 Bg4 6. dxc5 Qxc5 7. Na3 a6 8.
h3 Bh5 9. Be3 Qc7 10. g4 Bg6 11. Bg2 e6 12. Qa4+ Nbd7 13. Bf4 Qc8 14. Ne5 Bxa3
15. Qxa3 Be4 16. f3 Bd5 17. O-O b5 18. Rac1 Qc5+ 19. Qxc5 Nxc5 20. Be3 Nfd7 21.
Nxd7 Nxd7 22. f4 Bxg2 23. Kxg2 O-O 24. Bd4 Nf6 25. Bxf6 gxf6 26. Rfd1 Rfd8 27.
Kf3 Kf8 28. Ke4 Ke7 29. Rd4 Rac8 30. Rcd1 Rxd4+ 31. Rxd4 Rc5 32. a4 e5 33. fxe5
fxe5 34. Rd5 Rc4+ 35. Kxe5 Rxa4 36. Rc5 Ra1 37. Rc7+ Ke8 38. Kd6 Rd1+ 39. Kc5
Rd2 40. b4 Rd3 41. Kb6 Rxh3 42. Kxa6 Rg3 43. Kxb5 Rxg4 44. Kc6 Rg6+ 45. Kc5
Rg5+ 46. Kc4 Kd8 47. Rxf7 h5 48. b5 h4 49. Rh7 Rg4+ 50. Kc5 Kc8 51. c4 Kb8 52.
b6 Rg5+ 53. Kc6 Rg6+ 54. Kb5 Rg5+ 55. c5 Rg4 56. Rh8+ 1-0

[Event "45 MFSz im. A.Rubinsteina - B"]
[Site "Polanica Zdroj"]
[Date "2009.08.19"]
[Round "2.7"]
[White "Graczyk, Konrad"]
[Black "Usatiuk, Igor"]
[Result "0-1"]
[WhiteElo "1907"]
[BlackElo "2061"]
[PlyCount "78"]
[EventDate "2009.??.??"]

1. d4 d5 2. c4 c6 3. Nc3 e6 4. Nf3 Nf6 5. Bg5 Nbd7 6. e3 Be7 7. Qc2 h6 8. Bxf6
Nxf6 9. Ne5 Qc7 10. f4 O-O 11. cxd5 cxd5 12. Bd3 a6 13. Rc1 Qd6 14. O-O b5 15.
Qf2 Bb7 16. Ne2 Rac8 17. Ng3 Ne4 18. Bxe4 dxe4 19. f5 Bh4 20. fxe6 Qxe6 21.
Rxc8 Qxc8 22. Qd2 Qe6 23. Rc1 Rc8 24. Rxc8+ Qxc8 25. Qc3 Qxc3 26. bxc3 g6 27.
Kf1 Bd5 28. Ng4 Kg7 29. Ne2 Bxa2 30. g3 Bd8 31. Ke1 f6 32. Nf2 f5 33. Kd2 a5
34. Nc1 Bd5 35. Kc2 a4 36. Nd1 Be7 37. Kb2 a3+ 38. Kc2 a2 39. Kb2 Ba3+ 0-1

[Event "45 MFSz im. A.Rubinsteina - B"]
[Site "Polanica Zdroj"]
[Date "2009.08.19"]
[Round "2.8"]
[White "Gromczak, Dariusz"]
[Black "Kacprzak, Robert"]
[Result "1-0"]
[WhiteElo "2057"]
[BlackElo "1906"]
[PlyCount "77"]
[EventDate "2009.??.??"]

1. e4 c6 2. Nc3 d5 3. Qf3 d4 4. Bc4 e6 5. Nce2 c5 6. Qg3 a6 7. a4 Nc6 8. f4
Nge7 9. d3 Ng6 10. Bd2 Be7 11. Nf3 Bd7 12. O-O O-O 13. c3 Nh4 14. cxd4 Nxf3+
15. Qxf3 cxd4 16. Ng3 Kh8 17. e5 f5 18. exf6 Bxf6 19. Ne4 Rb8 20. a5 e5 21. f5
Na7 22. g4 Bc6 23. Bb4 Be7 24. Bxe7 Qxe7 25. Rae1 Bxe4 26. Qxe4 Nc6 27. Bd5 Qh4
28. Qf3 h6 29. Rf2 Rfe8 30. f6 Qxf6 31. Qxf6 gxf6 32. Rxf6 Kg7 33. Rf7+ Kg6 34.
Ref1 Re7 35. Be4+ Kg5 36. R1f5+ Kg6 37. R5f6+ Kg5 38. Rg6+ Kh4 39. Rf5 1-0

[Event "45 MFSz im. A.Rubinsteina - B"]
[Site "Polanica Zdroj"]
[Date "2009.08.19"]
[Round "2.10"]
[White "Goluch, Piotr"]
[Black "Koscielny, Edmond"]
[Result "1-0"]
[WhiteElo "2040"]
[BlackElo "1900"]
[PlyCount "53"]
[EventDate "2009.??.??"]

1. e4 d6 2. d4 Nf6 3. Nc3 g6 4. f4 Bg7 5. Nf3 c5 6. d5 O-O 7. Bc4 a6 8. a4 a5
9. O-O Na6 10. Qe2 Nc7 11. Qf2 b6 12. Qh4 e6 13. dxe6 Bxe6 14. Bxe6 Nxe6 15. f5
Nc7 16. Bh6 Bxh6 17. Qxh6 Ng4 18. Qf4 Nf6 19. Rad1 Nce8 20. e5 Nh5 21. Qh6 f6
22. fxg6 hxg6 23. Ng5 Qe7 24. Nd5 Qg7 25. Qxg7+ Nhxg7 26. Ne7+ Kh8 27. Nxg6+
1-0

[Event "45 MFSz im. A.Rubinsteina - B"]
[Site "Polanica Zdroj"]
[Date "2009.08.19"]
[Round "2.11"]
[White "Blaszkiewicz, Mateusz"]
[Black "Solnicki, Michal"]
[Result "1/2-1/2"]
[WhiteElo "1898"]
[BlackElo "2031"]
[PlyCount "60"]
[EventDate "2009.??.??"]

1. e4 c5 2. Nf3 Nc6 3. d4 cxd4 4. Nxd4 g6 5. Nc3 Bg7 6. Be3 Nf6 7. Bc4 O-O 8.
Bb3 d6 9. f3 Bd7 10. Qd2 Nxd4 11. Bxd4 b5 12. a4 b4 13. Nd5 Nxd5 14. exd5 Bxd4
15. Qxd4 a5 16. O-O Qc7 17. Rfe1 Rfe8 18. Re2 Qa7 19. Qxa7 Rxa7 20. Rae1 Kf8
21. Kf2 Rc7 22. g4 Bc8 23. Re4 Ba6 24. h3 Rec8 25. Kg3 Rb7 26. h4 Rc5 27. Rd1
Rbc7 28. Red4 Ke8 29. Kf4 f6 30. Kg3 Kd8 {
i po zacietej walce partia zakonczyla sie remisem...} 1/2-1/2

[Event "45 MFSz im. A.Rubinsteina - B"]
[Site "Polanica Zdroj"]
[Date "2009.08.19"]
[Round "2.12"]
[White "Dzieczkaniec, Piotr"]
[Black "Wozniak, Dawid"]
[Result "0-1"]
[WhiteElo "2031"]
[BlackElo "1894"]
[PlyCount "62"]
[EventDate "2009.??.??"]

1. e4 c6 2. d4 d5 3. exd5 cxd5 4. c4 Nf6 5. Nc3 Nc6 6. Nf3 Bg4 7. cxd5 Nxd5 8.
Qb3 Bxf3 9. gxf3 Nb6 10. Be3 e6 11. O-O-O Be7 12. d5 Nxd5 13. Nxd5 exd5 14.
Qxb7 O-O 15. Kb1 Rc8 16. Bh3 Rc7 17. Qb5 d4 18. Bf4 Bd6 19. Bg5 f6 20. Be6+ Kh8
21. Bd2 Qe7 22. Rhe1 Be5 23. Bb3 Rb8 24. Qa4 Qd7 25. f4 Bxf4 26. Bxf4 Qf5+ 27.
Ka1 Qxf4 28. Rc1 Ne7 29. Rxc7 Qxc7 30. Qxd4 Rxb3 31. Qa4 Rb8 {
I czarne zrealizowaly przewage.} 0-1

[Event "45 MFSz im. A.Rubinsteina - B"]
[Site "Polanica Zdroj"]
[Date "2009.08.19"]
[Round "2.13"]
[White "Cukrowski, Filip"]
[Black "Mondrzycki, Bartlomiej"]
[Result "1/2-1/2"]
[WhiteElo "1854"]
[BlackElo "2021"]
[PlyCount "51"]
[EventDate "2009.??.??"]

1. e4 c5 2. Nf3 Nc6 3. d4 cxd4 4. Nxd4 Nf6 5. Nc3 e5 6. Ndb5 d6 7. Bg5 a6 8.
Na3 b5 9. Nd5 Be7 10. Bxf6 Bxf6 11. c4 O-O 12. cxb5 axb5 13. Bd3 Nd4 14. O-O
Bb7 15. Nxb5 Bxd5 16. exd5 e4 17. Nxd4 exd3 18. Qxd3 Qb6 19. Nb5 Bxb2 20. Rab1
Be5 21. a3 g6 22. Rfc1 Rfc8 23. g3 Rc5 24. Rxc5 Qxc5 25. Kg2 Ra4 26. Rb4
1/2-1/2

[Event "45 MFSz im. A.Rubinsteina - B"]
[Site "Polanica Zdroj"]
[Date "2009.08.19"]
[Round "2.14"]
[White "Dowgird, Filip"]
[Black "Graczyk, Damian"]
[Result "1/2-1/2"]
[WhiteElo "2011"]
[BlackElo "1890"]
[PlyCount "66"]
[EventDate "2009.??.??"]

1. e4 c6 2. Nc3 d5 3. Nf3 Bg4 4. h3 Bxf3 5. Qxf3 e6 6. d3 Nf6 7. Be2 Nbd7 8.
Qg3 g6 9. O-O Bg7 10. Bf4 Qb6 11. Rab1 O-O 12. e5 Ne8 13. Nd1 d4 14. c3 dxc3
15. Nxc3 Qd4 16. Bf3 Bxe5 17. Bxe5 Qxe5 18. Qh4 Nef6 19. d4 Qd6 20. b4 a6 21.
Rfd1 Kg7 22. a4 Nb6 23. b5 axb5 24. axb5 Nbd5 25. Rdc1 Rfc8 26. bxc6 bxc6 27.
Ne4 Nxe4 28. Qxe4 Nf6 29. Qe5 Qxe5 30. dxe5 Nd5 31. Rc5 Rc7 32. Rd1 Rac8 33.
Be2 Ra8 1/2-1/2

[Event "45 MFSz im. A.Rubinsteina - B"]
[Site "Polanica Zdroj"]
[Date "2009.08.19"]
[Round "2.15"]
[White "Lukasiewicz, Aleksander"]
[Black "Borowicz, Przemyslaw"]
[Result "1/2-1/2"]
[WhiteElo "1852"]
[BlackElo "2009"]
[PlyCount "95"]
[EventDate "2009.??.??"]

1. e4 c6 2. d4 d5 3. exd5 cxd5 4. Bd3 Nf6 5. Bf4 Nc6 6. c3 Bg4 7. Qb3 Qd7 8.
Nd2 e6 9. Ngf3 Bxf3 10. Nxf3 a6 11. a4 Be7 12. O-O O-O 13. Ne5 Qe8 14. h3 Bd6
15. Nxc6 Qxc6 16. Bxd6 Qxd6 17. Qc2 Rfe8 18. Rfe1 e5 19. dxe5 Rxe5 20. Rxe5
Qxe5 21. Qe2 Re8 22. Qxe5 Rxe5 23. Kf1 Kf8 24. Re1 Rxe1+ 25. Kxe1 Ke7 26. Kd2
Kd6 27. Ke3 g6 28. b4 Nd7 29. f4 f5 30. Kd4 Nf6 31. Bc2 Nh5 32. Ke3 Ng3 33. Bb3
h6 34. c4 dxc4 35. Bxc4 g5 36. Bd3 Kd5 37. Kf3 Ne4 38. fxg5 hxg5 39. g3 Nd2+
40. Ke3 Nb3 41. Bxf5 b6 42. h4 gxh4 43. gxh4 Ke5 44. Bd3 a5 45. bxa5 bxa5 46.
h5 Nc5 47. Bc2 Nxa4 48. Bxa4 1/2-1/2

[Event "45 MFSz im. A.Rubinsteina - B"]
[Site "Polanica Zdroj"]
[Date "2009.08.19"]
[Round "2.16"]
[White "Spyra, Wojciech"]
[Black "Duszenko, Michal"]
[Result "1-0"]
[WhiteElo "2000"]
[BlackElo "1785"]
[PlyCount "109"]
[EventDate "2009.??.??"]

1. e4 e5 2. Nf3 Nc6 3. Bb5 a6 4. Ba4 Nf6 5. O-O Be7 6. Bxc6 dxc6 7. d3 Bg4 8.
Nbd2 Nd7 9. b3 O-O 10. Bb2 f5 11. exf5 Bd6 12. h3 Bxf5 13. Ne4 Qe8 14. Qe2 Qf7
15. Nh4 Be6 16. Ng5 Qe7 17. Nxe6 Qxe6 18. Rae1 Rf4 19. Nf3 Re8 20. d4 e4 21.
Nd2 b5 22. c4 Rh4 23. Nf3 Rh6 24. Ng5 Qg6 25. Bc1 Rh5 26. c5 Bf8 27. Nxe4 Rh4
28. f3 Rxh3 29. Bf4 Kh8 30. Kf2 Rh5 31. Rh1 Rd5 32. Be3 Rf5 33. Qd3 Nf6 34.
Nxf6 gxf6 35. Qb1 Kg8 36. Rh3 Rd5 37. Rg3 Rg5 38. Bxg5 Rxe1 39. Qxg6+ hxg6 40.
Kxe1 fxg5 41. Rxg5 Kf7 42. Re5 Bg7 43. Re4 g5 44. Ke2 Bf6 45. Kd3 a5 46. a4
bxa4 47. bxa4 Be7 48. Re1 Kf6 49. Ke4 Ke6 50. Rb1 Bf6 51. Rb7 Kd7 52. Ra7 Kc8
53. Ra8+ Kb7 54. Rf8 Be7 55. Rf7 1-0

[Event "45 MFSz im. A.Rubinsteina - B"]
[Site "Polanica Zdroj"]
[Date "2009.08.19"]
[Round "2.18"]
[White "Warchol, Maria"]
[Black "Bes, Michal"]
[Result "1/2-1/2"]
[WhiteElo "1834"]
[BlackElo "1983"]
[PlyCount "60"]
[EventDate "2009.??.??"]

1. e4 Nf6 2. e5 Nd5 3. d4 d6 4. c4 Nb6 5. exd6 cxd6 6. Nc3 g6 7. Be3 Bg7 8. Rc1
Nc6 9. b3 O-O 10. d5 Nb4 11. a3 Na6 12. Be2 Nd7 13. b4 Nf6 14. Nf3 Bg4 15. O-O
Nc7 16. h3 Bxf3 17. Bxf3 Nd7 18. Be2 f5 19. f4 b6 20. Re1 Re8 21. Bf3 Rc8 22.
Ne2 e5 23. dxe6 Nxe6 24. Qxd6 Bf8 25. Qd2 Qc7 26. Bd5 Kh8 27. Nd4 Nxd4 28.
Bxd4+ Bg7 29. Bxg7+ Kxg7 30. Qd4+ Nf6 1/2-1/2

[Event "45 MFSz im. A.Rubinsteina - B"]
[Site "Polanica Zdroj"]
[Date "2009.08.19"]
[Round "2.19"]
[White "Skiba, Marta"]
[Black "Wasik, Piotr"]
[Result "0-1"]
[WhiteElo "1729"]
[BlackElo "1976"]
[PlyCount "41"]
[EventDate "2009.??.??"]

1. e4 c5 2. Nf3 e6 3. b3 a6 4. c4 d6 5. Bb2 Nf6 6. d3 b5 7. Nbd2 bxc4 8. dxc4
Bb7 9. Bd3 Be7 10. O-O O-O 11. Qc2 Nc6 12. a3 Qc7 13. Rfe1 Nd7 14. e5 Ncxe5 15.
Nxe5 dxe5 16. Bxh7+ Kh8 17. Re3 Bg5 18. Rh3 Bh6 19. Re1 f5 20. Bg6 Kg8 21. Qd3
{dalszy zapis nieczytelny.} 0-1

[Event "45 MFSz im. A.Rubinsteina - B"]
[Site "Polanica Zdroj"]
[Date "2009.08.19"]
[Round "2.22"]
[White "Mazalon, Mariusz"]
[Black "Karcz, Bartlomiej"]
[Result "1/2-1/2"]
[WhiteElo "2167"]
[BlackElo "1836"]
[PlyCount "39"]
[EventDate "2009.??.??"]

1. d4 Nf6 2. Nf3 d5 3. c4 e6 4. g3 Be7 5. Bg2 O-O 6. O-O dxc4 7. Na3 c5 8. Nxc4
Nc6 9. dxc5 Bxc5 10. a3 a5 11. Qc2 Qe7 12. Nce5 Nd4 13. Nxd4 Bxd4 14. Nd3 Rd8
15. Rd1 e5 16. Bg5 Bf5 17. e3 Bxb2 18. Qxb2 Bxd3 19. Bxf6 Qxf6 20. Qxb7 1/2-1/2

[Event "45 MFSz im. A.Rubinsteina - B"]
[Site "Polanica Zdroj"]
[Date "2009.08.19"]
[Round "2.24"]
[White "Lach, Piotr"]
[Black "Bednarski, Dawid"]
[Result "1-0"]
[WhiteElo "2148"]
[BlackElo "1799"]
[PlyCount "87"]
[EventDate "2009.??.??"]

1. e4 c5 2. Nf3 Nc6 3. d4 cxd4 4. Nxd4 Nf6 5. Nc3 e5 6. Ndb5 d6 7. Bg5 a6 8.
Na3 b5 9. Bxf6 gxf6 10. Nd5 f5 11. c3 Bg7 12. exf5 Bxf5 13. Nc2 O-O 14. Be2 Ra7
15. O-O Be6 16. a4 bxa4 17. Rxa4 Ne7 18. Nxe7+ Rxe7 19. Nb4 Qd7 20. Rxa6 d5 21.
Nc6 Ree8 22. Qa4 Qb7 23. Bb5 Ra8 24. Ra1 Rxa6 25. Qxa6 Qxa6 26. Rxa6 Kh8 27.
Rb6 Bd7 28. Nb4 Bxb5 29. Rxb5 d4 30. cxd4 exd4 31. Nd3 Rc8 32. g3 Kg8 33. Kg2
Kf8 34. Nf4 Rd8 35. Rb3 Ke7 36. Kf3 Be5 37. Nd3 Bh8 38. Ke4 Kf6 39. Nf4 Ke7 40.
Rb7+ Rd7 41. Rxd7+ Kxd7 42. Kd5 f5 43. b3 Bf6 44. Ne6 1-0

[Event "45 MFSz im. A.Rubinsteina - B"]
[Site "Polanica Zdroj"]
[Date "2009.08.19"]
[Round "2.25"]
[White "Wandzik, Wojciech"]
[Black "Jarus, Grzegorz"]
[Result "1/2-1/2"]
[WhiteElo "2070"]
[BlackElo "1860"]
[PlyCount "90"]
[EventDate "2009.??.??"]

1. e4 Nf6 2. e5 Nd5 3. d4 d6 4. Nf3 Nc6 5. exd6 cxd6 6. Bc4 Nf6 7. Bg5 Ne4 8.
Bh4 d5 9. Bd3 g6 10. O-O Bg7 11. c3 Nf6 12. Nbd2 O-O 13. Qc2 Bd7 14. Rae1 Rc8
15. Qb1 e6 16. Ne5 Ne7 17. Qd1 Nf5 18. Bxf5 exf5 19. Qb3 Qc7 20. Bxf6 Bxf6 21.
Qxd5 Be6 22. Qb5 a6 23. Qa4 b5 24. Qc2 b4 25. Ndf3 bxc3 26. bxc3 Qxc3 27. Qa4
Qc2 28. Qxa6 Ra8 29. Qe2 Rxa2 30. Qxc2 Rxc2 31. Rc1 Rfc8 32. Rxc2 Rxc2 33. Rd1
Be7 34. Ne1 Rc8 35. d5 Bd6 36. N5f3 Bd7 37. Nd3 f6 38. h4 Bb5 39. Nde1 Rc5 40.
Ra1 Rxd5 41. Nc2 Rc5 42. Ne3 Bf4 43. Nd4 Bxe3 44. Ra8+ Kf7 45. Ra7+ Kg8 1/2-1/2

[Event "45 MFSz im. A.Rubinsteina - B"]
[Site "Polanica Zdroj"]
[Date "2009.08.19"]
[Round "2.26"]
[White "Szczurek, Natalia"]
[Black "Wiewiora, Eneasz"]
[Result "1/2-1/2"]
[WhiteElo "1738"]
[BlackElo "2056"]
[PlyCount "65"]
[EventDate "2009.??.??"]

1. e4 Nf6 2. e5 Nd5 3. c4 Nb6 4. d4 d6 5. exd6 cxd6 6. Nc3 g6 7. b3 Bg7 8. Bb2
O-O 9. Be2 Nc6 10. Nf3 Bf5 11. O-O d5 12. c5 Nc8 13. Bb5 Bg4 14. Bxc6 bxc6 15.
Nb1 e6 16. h3 Bxf3 17. Qxf3 Ne7 18. Na3 Nf5 19. Nc2 Qg5 20. Rad1 h5 21. Rfe1
Nh4 22. Qg3 Qxg3 23. fxg3 Nf5 24. Kh2 e5 25. Ne3 Rfb8 26. Nxf5 gxf5 27. Bc3 Kh7
28. Rd3 Bf6 29. Rf3 Rg8 30. Kh1 Bd8 31. Bd2 Bf6 32. Bc3 Rg6 33. Kh2 1/2-1/2

[Event "45 MFSz im. A.Rubinsteina - B"]
[Site "Polanica Zdroj"]
[Date "2009.08.19"]
[Round "2.27"]
[White "Siedlanowski, Lukasz"]
[Black "Wolski, Jerzy"]
[Result "0-1"]
[WhiteElo "1688"]
[BlackElo "1993"]
[PlyCount "74"]
[EventDate "2009.??.??"]

1. e4 e6 2. d4 d5 3. Nd2 dxe4 4. Nxe4 Nf6 5. Nxf6+ Qxf6 6. Nf3 h6 7. Bd3 Bd6 8.
Bd2 Bd7 9. c4 Bc6 10. Bc3 Bxf3 11. Qxf3 Qxf3 12. gxf3 Bf4 13. Ke2 Nd7 14. b4
Nf6 15. a4 O-O-O 16. h3 Rhe8 17. Be4 Nh5 18. Rad1 Bg5 19. Kf1 Rd7 20. d5 f5 21.
Bc2 g6 22. Re1 Rde7 23. h4 Bf6 24. Bxf6 Nxf6 25. dxe6 Nh5 26. c5 Rxe6 27. Rxe6
Rxe6 28. Bb3 Re7 29. Kg2 Nf4+ 30. Kg3 Nd3 31. a5 g5 32. Bc2 f4+ 33. Kg2 Ne1+
34. Rxe1 Rxe1 35. Be4 c6 36. Kh3 Rh1+ 37. Kg2 Rxh4 0-1

[Event "45 MFSz im. A.Rubinsteina - B"]
[Site "Polanica Zdroj"]
[Date "2009.08.19"]
[Round "2.28"]
[White "Mucha, Magdalena"]
[Black "Galyga, Jozef"]
[Result "1-0"]
[WhiteElo "1787"]
[BlackElo "1956"]
[PlyCount "57"]
[EventDate "2009.??.??"]

1. e4 e6 2. d4 d5 3. Nc3 Nf6 4. Bg5 dxe4 5. Nxe4 Be7 6. Bxf6 gxf6 7. Nf3 b6 8.
Bc4 Bb7 9. Qe2 Nd7 10. O-O-O c6 11. Rhe1 Qc7 12. Kb1 O-O-O 13. Ba6 Bxa6 14.
Qxa6+ Kb8 15. g3 f5 16. Nc3 Bf6 17. Qc4 b5 18. Qb3 Nb6 19. a4 a6 20. axb5 axb5
21. Na2 Kb7 22. Nb4 Nc4 23. Nd3 Ra8 24. Nfe5 Nxe5 25. Nxe5 Bxe5 26. Rxe5 Ra4
27. Rxb5+ cxb5 28. Qxb5+ Qb6 29. Qxa4 {Biale zrealizowaly przewage} 1-0